| 000 | 00972 a2200229 4500 | ||
|---|---|---|---|
| 003 | Nust | ||
| 005 | 20221020105902.0 | ||
| 010 | _a 2003060643 | ||
| 020 | _a354020105X (alk. paper) | ||
| 040 | _cNust | ||
| 082 | 0 | 0 | _a005.82,LIN |
| 100 | 1 |
_aLindell, Yehuda. _9100940 |
|
| 245 | 1 | 0 |
_aComposition of secure multi-party protocols : _ba comprehensive study / _cYehuda Lindell. |
| 260 |
_aBerlin ; _aNew York : _bSpringer, _c2003. |
||
| 300 |
_axvi, 192 p. : _bill. ; _c24 cm. |
||
| 440 | 0 |
_aLecture notes in computer science ; _v2815 _926093 |
|
| 505 | _aIntroduction (Page-1), The Composition Of Authenticated Byzantine Agreement (Page-21), Secure Computation Without Agreement (Page-45), Universally Compostable Multi-Party Computations (Page-81). | ||
| 650 | 0 |
_aComputer security. _9570 |
|
| 650 | 0 |
_aComputers _xAccess control. _96085 |
|
| 856 | 4 | 2 |
_3Publisher description _uhttp://www.loc.gov/catdir/enhancements/fy0818/2003060643-d.html |
| 942 |
_cREF _2ddc _k005.82,LIN |
||
| 999 |
_c175327 _d175327 |
||